Estudio y diseño de sistemas de agua potable propio en recinto universitario Pedro Arauz Palacios, UNI - RUPAP
Presenta el estudio y diseño de sistemas de agua potable propio en recinto universitario Pedro Arauz Palacios, UNI – RUPAP, se realizó un análisis de las condiciones actuales del sistema de agua potable, se caracterización las fuentes de abastecimiento de agua subterráneas, se determinó la pob...
| Main Authors: | , , |
|---|---|
| Other Authors: | |
| Format: | Tesis Section = Libro |
| Language: | Undetermined Spanish |
| Published: |
Managua
UNI
2015
|
| Subjects: |
| LEADER | 01273nam a2200277Ia 4500 | ||
|---|---|---|---|
| 008 | 240830s9999 xx 000 0 und d | ||
| 040 | |a BIBLIOTECA-RUPAP Mon 628.72 R586 | ||
| 041 | |a spa | ||
| 082 | |a Mon 628.72 R586 | ||
| 100 | 1 | |a Ríos Flores, Jefferson Steve | |
| 100 | 1 | |b Reyes Orozco, Danny José | |
| 100 | 1 | |c Berrios Leyva, Danny Leonel | |
| 245 | 1 | 0 | |a Estudio y diseño de sistemas de agua potable propio en recinto universitario Pedro Arauz Palacios, UNI - RUPAP |
| 260 | |a Managua |b UNI |c 2015 | ||
| 300 | |a 54 p. :il. | ||
| 500 | |a Contiene: anexos e Incluye: CD. | ||
| 502 | |a Tesis (Ingeniero Mecánico)- UNI, 2015. | ||
| 520 | 3 | |a Presenta el estudio y diseño de sistemas de agua potable propio en recinto universitario Pedro Arauz Palacios, UNI – RUPAP, se realizó un análisis de las condiciones actuales del sistema de agua potable, se caracterización las fuentes de abastecimiento de agua subterráneas, se determinó la población beneficiada por el proyecto ya sea la actual o la futura. | |
| 650 | 7 | |a ABASTECIMIENTO DE AGUA | |
| 650 | 7 | |b SISTEMA DE BOMBEO DE AGUA – DISEÑO | |
| 650 | 7 | |c AGUA POTABLE | |
| 650 | 7 | |d TUBERIAS DE AGUA | |
| 700 | 1 | |a Tutor: |b Pérez Palma, Donald | |
| 942 | |c BK |2 ddc | ||
| 991 | |a TESIS | ||
| 999 | |c 16571 | ||